La re-vuelta de los estudios subalternos: una cartografía a des-tiempo

Wedi'i Gadw mewn:
Manylion Llyfryddiaeth
Prif Awdur: Rodríguez Freire, Raúl (traducción)
Fformat: Llyfr
Iaith:Sbaeneg
Cyhoeddwyd: San Pedro de Atacama Universidad Católica del Norte 2011
Rhifyn:1a. ed
Cyfres:Qillqa. Serie Iiam
Pynciau:
Tagiau: Ychwanegu Tag
Dim Tagiau, Byddwch y cyntaf i dagio'r cofnod hwn!

MARC

LEADER 00000cam a2200000 a 4500
001 UCG6212
003 CL-VaPUC
008 110407e20110100CL |||||||||||||||||spa|d
020 |a 9789562873239 
082 0 4 |a 954  |b ROD  |2 21 
100 |a Rodríguez Freire, Raúl  |e traducción  |9 896306 
245 1 3 |a La re-vuelta de los estudios subalternos: una cartografía a des-tiempo 
250 |a 1a. ed 
300 |a 390 p 
942 |c BK 
945 |d 20110407 00:00:00  |a jcampos 
260 |a San Pedro de Atacama  |b Universidad Católica del Norte  |c 2011 
650 7 |a HISTORIA DE INDIA  |2 CL-VaPUC  |9 470400 
650 7 |a HISTORIOGRAFIA DE LA INDIA  |2 CL-VaPUC  |9 556258 
650 7 |a INDIA COLONIAL  |2 CL-VaPUC  |9 556259 
650 0 |a Derechos civiles  |9 255655 
650 0 |a Musulmanes  |9 332296 
651 0 |a India  |9 267804 
583 |a last modification  |c 20140821 01:23:00  |k Rodrigo Vera 
490 0 |a Qillqa. Serie Iiam 
999 |c 344486  |d 344484 
952 |0 0  |1 0  |4 0  |6 954_000000000000000_ROD_2011  |7 0  |8 A  |9 442474  |a BIBHIS  |b BIBHIS  |d 2019-11-22  |i 4765680  |l 1  |o 954 ROD 2011  |p 4765680  |r 2025-01-20  |s 2021-01-12  |w 2019-11-22  |y BK  |k HIS 
952 |0 0  |1 0  |4 0  |6 954_000000000000000_ROD_2011  |7 0  |8 A  |9 442475  |a BIBHIS  |b BIBHIS  |d 2019-11-22  |i 4780787  |o 954 ROD 2011  |p 4780787  |r 2025-01-20  |w 2019-11-22  |y BK  |k HIS 
952 |0 0  |1 0  |3 erb  |4 0  |6 954_000000000000000_ROD_2011  |7 0  |8 A  |9 442476  |a BIBEDU  |b BIBEDU  |i 5095581  |o 954 ROD 2011  |p 5095581  |r 2019-11-22  |w 2019-11-22  |y BK  |z Catalogado en:20140821  |k LIT